| 000 | 00728nam a2200181 i 4500 | ||
|---|---|---|---|
| 001 | 45669 | ||
| 003 | ES-MaACL | ||
| 005 | 20230906161246.0 | ||
| 007 | t| | ||
| 008 | 030326s1973 sp ||||1| spa d | ||
| 100 | 1 |
_aGarcía M. Colombás ( _d1920-2009) _9171425 |
|
| 245 | 1 | 0 |
_aUna madre espiritual, Sor María Rafaela: _bfundadora de la Congregación de Hermanas Misioneras de los Sagrados Corazones / _cBenito Colombas Llull. |
| 260 |
_aPalma de Mallorca : _b[Hermanas Misioneras de los Sagrados Corazones], _c1973. |
||
| 300 |
_a215 p., 6 lám. ; _c24 cm. |
||
| 600 | 1 | 4 |
_aLladó Sala, María Rafaela. _9171426 |
| 610 | 2 | 4 |
_aCongregación de Hermanas Misioneras de los Sagrados Corazones. _9171427 |
| 852 |
_aES-MaACL _jC-52800 |
||
| 999 |
_c45669 _d45669 |
||